000 00306nam a22001097a 4500
003 URS
005 20220114171844.0
008 180103b xxu||||| |||| 00| 0 eng d
245 _aBasic Accounting: concepts, principles, procedures and applications
700 _4author
_aValencia, Edwin G. .
942 _2lcc
_cFR
999 _c14969
_d14969